000 00519nam a2200217Ia 4500
003 OSt
005 20220928152022.0
006 a|||||r|||| 00| 0
007 ta
008 220927b |||||||| |||| 00| 0 eng d
024 _a143059
037 _cTextual
040 _aSDCL
_cSDCL
_beng
041 _2eng
_aeng
082 _aX:329, K0
100 _aRothschild K W
_9518886
245 0 _aTheory of wages
260 _c1960
942 _hX:329, K0
_cTEXL
_2CC
999 _c853981
_d853981